Ungarische Familienbezeichnungen - Statistiken

Allgemein
  • Dieses Quiz wurde 13 mal gespielt
  • Das Durchschnittsergebnis liegt bei 9 aus 15
Antwortstatistiken
Hint Antwort % Korrekt
Mutter anya
100%
Vater apa
92%
Sohn fiú
92%
Tochter lány
92%
Großmutter nagyanya
58%
Großvater nagyapa
58%
Bruder (älter) báty
50%
Schwester (jünger) húg
50%
Großeltern nagyszülők
50%
Bruder (jünger) öcs
50%
Eltern szülők
50%
Vetter/Base I Cousin unokatestvér
50%
Onkel nagybácsi
42%
Tante nagynéni
42%
Schwester (älter) növér
33%
Keine übereinstimmenden Quizze gefunden
Verteilung der Resultate
Anzahl Personen mit jedem Resultat
Perzentil nach korrekt beantworteten Fragen
Ihre Resultats-Entwicklung
Sie haben dieses Quiz noch nicht gespielt